000 00407nam a2200157Ia 4500
008 241014s9999||||xx |||||||||||||| ||und||
020 _a9780071145053
060 _aHF 565 M 1996
100 _aMeigs, Robert & Mary Meigs
245 0 _aAccounting: The Basis For Business Decision
250 _a1996
260 _aNew York
_bMC Graw- Hill
300 _a1096
650 _aAccounting
942 _bIBHM
_cBK
999 _c16232
_d16232